Antiviral drug discovery for emerging diseases and bioterrorism threats
Antiviral Drug Discovery gives readers a cutting-edge view of how chemical concepts are being mobilized to develop novel approaches that will effectively confront emerging diseases and biowarfare. Among the many topics discussed are smallpox, the Ebola virus, influenza, SARS, arenaviruses and flaviv...
Enregistré dans:
| Format: | Livre |
|---|---|
| Langue: | Undetermined |
| Publié: |
Hoboken, N.J.
Wiley-Interscience
2005
|
| Sujets: | |
| Tags: |
Ajouter un tag
Pas de tags, Soyez le premier à ajouter un tag!
|
| Thư viện lưu trữ: | Trung tâm Học liệu Trường Đại học Cần Thơ |
|---|
| LEADER | 01237nam a2200193Ia 4500 | ||
|---|---|---|---|
| 001 | CTU_164147 | ||
| 008 | 210402s9999 xx 000 0 und d | ||
| 020 | |c 137 | ||
| 082 | |a 616.91061 | ||
| 082 | |b A633 | ||
| 245 | 0 | |a Antiviral drug discovery for emerging diseases and bioterrorism threats | |
| 245 | 0 | |c Edited by Paul F. Torrence | |
| 260 | |a Hoboken, N.J. | ||
| 260 | |b Wiley-Interscience | ||
| 260 | |c 2005 | ||
| 520 | |a Antiviral Drug Discovery gives readers a cutting-edge view of how chemical concepts are being mobilized to develop novel approaches that will effectively confront emerging diseases and biowarfare. Among the many topics discussed are smallpox, the Ebola virus, influenza, SARS, arenaviruses and flaviviruses. Each chapter discusses hypothetical strategies for the discovery of relevant antiviral agents, recent findings related to biochemistry or drug discovery, and advances in the further development of established leads in the area. Timely and informative, this book clearly delineates the efforts being made to develop new and effective broad-spectrum antiviral agents. | ||
| 650 | |a Antiviral agents,Drug development | ||
| 904 | |i AThu, Giang | ||
| 980 | |a Trung tâm Học liệu Trường Đại học Cần Thơ | ||